What's under the ocean / (Record no. 2040)

MARC details
000 -LEADER
fixed length control field 01034cam a2200349 a 4500
001 - CONTROL NUMBER
control field 2040
003 - CONTROL NUMBER IDENTIFIER
control field FISKH
005 - DATE AND TIME OF LATEST TRANSACTION
control field 20231101152656.0
008 - FIXED-LENGTH DATA ELEMENTS--GENERAL INFORMATION
fixed length control field 810709s1982 njua j 000 0 eng
010 ## - LIBRARY OF CONGRESS CONTROL NUMBER
LC control number 81011425
020 ## - INTERNATIONAL STANDARD BOOK NUMBER
International Standard Book Number 0349888530
020 ## - INTERNATIONAL STANDARD BOOK NUMBER
International Standard Book Number 9780439888530 (pbk.) :
040 ## - CATALOGING SOURCE
Original cataloging agency DLC
Transcribing agency DLC
Modifying agency DLC
Language of cataloging eng
042 ## - AUTHENTICATION CODE
Authentication code lcac
050 00 - LIBRARY OF CONGRESS CALL NUMBER
Classification number QH91.16
Item number .P35 1982
082 00 - DEWEY DECIMAL CLASSIFICATION NUMBER
Classification number 574.92
Edition number 19
100 2# - MAIN ENTRY--PERSONAL NAME
Personal name Berger, Melvin
245 10 - TITLE STATEMENT
Title What's under the ocean /
Statement of responsibility, etc. By Melvin and Gilda Berger
260 ## - PUBLICATION, DISTRIBUTION, ETC.
Place of publication, distribution, etc. New York :
Name of publisher, distributor, etc. Scholastic,
Date of publication, distribution, etc. 2006.
300 ## - PHYSICAL DESCRIPTION
Extent 32 pages :
Other physical details color illustrations ;
Dimensions 18 × 22cm
490 0# - SERIES STATEMENT
Series statement Now I know
505 ## - FORMATTED CONTENTS NOTE
Formatted contents note F<br/>
520 ## - SUMMARY, ETC.
Summary, etc. Brief text and pictures introduce some animals and plants that live in the ocean.
521 8# - TARGET AUDIENCE NOTE
Target audience note 330<br/>
Source Lexile<br/>
521 8# - TARGET AUDIENCE NOTE
Target audience note F<br/>
Source Raz-Plus<br/>
650 #0 - SUBJECT ADDED ENTRY--TOPICAL TERM
Topical term or geographic name entry element Marine biology
General subdivision Juvenile literature.
650 #1 - SUBJECT ADDED ENTRY--TOPICAL TERM
Topical term or geographic name entry element Marine biology.
650 #1 - SUBJECT ADDED ENTRY--TOPICAL TERM
Topical term or geographic name entry element Ocean.
700 ## - ADDED ENTRY--PERSONAL NAME
Personal name Berger, Gilda
Relator term Author
906 ## - LOCAL DATA ELEMENT F, LDF (RLIN)
a 7
b cbc
c orignew
d 1
e ocip
f 19
g y-gencatlg
942 ## - ADDED ENTRY ELEMENTS (KOHA)
Source of classification or shelving scheme Dewey Decimal Classification
Koha item type Books
Suppress in OPAC No
Holdings
Withdrawn status Lost status Source of classification or shelving scheme Damaged status Not for loan Collection Home library Current library Shelving location Date acquired Total Checkouts Full call number Barcode Date last seen Date last checked out Copy number Price effective from Koha item type
    Dewey Decimal Classification     Non-Fiction Footprints International School Library Network Toul Kork Campus Footprints International School Library Network Toul Kork Campus TK Primary Library Room(4th Floor), Bookcase 7, Shelves 57-60, Dark Green Books 11/01/2023 4 BER 574.92 QH91.P35 FISBK04370 02/03/2026 01/20/2026 1 11/01/2023 Books
    Dewey Decimal Classification     Non-Fiction Footprints International School Library Network Toul Tom Poung Campus Footprints International School Library Network Toul Kork Campus TTP Primary Green Bookshelves 10/27/2025   BER 574.92 QH91.P35 FISTK02355 10/27/2025   3 10/27/2025 Books
    Dewey Decimal Classification     Non-Fiction Footprints International School Library Network Toul Tom Poung Campus Footprints International School Library Network Toul Tom Poung Campus TTP Primary Green Bookshelves 07/24/2025 1 BER 574.92 QH91.P35 FIS02034 01/14/2026 08/05/2025 2 07/24/2025 Books